|
|
|
|
| LEADER |
00000nbm0a2200000 4500 |
| 001 |
312288 |
| 005 |
20231102002454.0 |
| 035 |
|
|
|a (RuTPU)RU\TPU\book\337656
|
| 035 |
|
|
|a RU\TPU\book\336899
|
| 090 |
|
|
|a 312288
|
| 100 |
|
|
|a 20151209j20151117k y0rusy50 ca
|
| 101 |
0 |
|
|a rus
|
| 102 |
|
|
|a RU
|
| 105 |
|
|
|a a m 001zy
|
| 200 |
1 |
|
|a Система обработки томограмм челюстей для идентификации патологии и моделирования хирургических шаблонов
|e диссертация на соискание ученой степени кандидата технических наук
|e спец. 05.11.17
|f М. Б. Путрик
|g Уральский федеральный университет (УрФУ) ; науч. рук. Б. В. Шульгин
|
| 210 |
|
|
|a Екатеринбург
|d 2015
|
| 215 |
|
|
|a 149 л.
|c ил.
|
| 300 |
|
|
|a Защищена сост. 17.11.2015 г.
|
| 320 |
|
|
|a Библиогр.: с. 137-147 (96 назв.).
|
| 452 |
|
1 |
|0 (RuTPU)RU\TPU\book\343845
|t Система обработки томограмм челюстей для идентификации патологии и моделирования хирургических шаблонов
|o диссертация на соискание ученой степени кандидата технических наук
|o спец. 05.11.17
|f М. Б. Путрик
|g Уральский федеральный университет (УрФУ) ; науч. рук. Б. В. Шульгин
|c Екатеринбург
|n [Б. и.]
|d 2015
|a Путрик, Максим Борисович
|
| 606 |
1 |
|
|a Рентгенодиагностика
|x Медицина
|2 stltpush
|3 (RuTPU)RU\TPU\subj\25095
|9 49327
|
| 610 |
1 |
|
|a челюстно-лицевая хирургия
|
| 610 |
1 |
|
|a челюстные кости
|
| 610 |
1 |
|
|a обследование
|
| 610 |
1 |
|
|a компьютерная томография
|
| 610 |
1 |
|
|a патология
|
| 610 |
1 |
|
|a идентификация
|
| 610 |
1 |
|
|a зубы
|
| 610 |
1 |
|
|a имплантация
|
| 610 |
1 |
|
|a операции
|
| 610 |
1 |
|
|a моделирование
|
| 610 |
1 |
|
|a рентгеновские изображения
|
| 610 |
1 |
|
|a диссертации
|
| 675 |
|
|
|a 616-07(04)
|v 4
|
| 686 |
|
|
|a 05.11.17
|2 oksvnk
|
| 700 |
|
1 |
|a Путрик
|b М. Б.
|g Максим Борисович
|
| 702 |
|
1 |
|a Шульгин
|b Б. В.
|g Борис Владимирович
|4 727
|
| 712 |
0 |
2 |
|a Уральский федеральный университет (УрФУ)
|c (Екатеринбург)
|c (2009- )
|2 stltpush
|3 (RuTPU)RU\TPU\col\16398
|
| 801 |
|
1 |
|a RU
|b 63413507
|c 20151219
|
| 801 |
|
2 |
|a RU
|b 63413507
|c 20160426
|g RCR
|
| 942 |
|
|
|c BK
|